Statistics for Middlesbrough Premier League Players

Click here to take the quiz!

General Stats

  • This quiz has been taken 182 times
    (40 since last reset)
  • The average score is 42 of 181

Answer Stats

The Riversiders% Correct
Stewart Downing
73%
Gareth Southgate
70%
Juninho Paulista
68%
Mark Viduka
65%
Adam Johnson
62%
Brad Jones
62%
Fabrizio Ravanelli
62%
Afonso Alves
59%
John Johnson
59%
Mark Schwarzer
57%
Víctor Valdés
57%
Jimmy Floyd Hasselbaink
54%
Álvaro Negredo
49%
Boudewijn Zenden
49%
Gaizka Mendieta
49%
Emerson
46%
Jonathan Woodgate
46%
Massimo Maccarone
46%
Bryan Robson
43%
Grant Leadbitter
43%
Ugo Ehiogu
43%
Yakubu Aiyegbeni
43%
Adama Traoré
41%
Ben Gibson
41%
Fábio Rochemback
41%
George Boateng
41%
Paul Gascoigne
41%
Paul Merson
41%
Tuncay Şanlı
41%
Daniel Ayala
38%
Luke Young
38%
Alan Wright
35%
Chris Riggott
35%
Christian Ziege
35%
Danny Mills
35%
Emanuel Pogatetz
35%
Gastón Ramírez
35%
George Friend
35%
Lee Cattermole
35%
Marten de Roon
35%
Paul Ince
35%
Robert Huth
35%
Tommy Wright
35%
David Wheater
32%
Gary Pallister
32%
Jonathan Greening
32%
Julio Arca
32%
Malcolm Christie
32%
Andrew Taylor
30%
Ben Roberts
30%
Chris Morris
30%
Craig Hignett
30%
Jérémie Aliadière
30%
John Hendrie
30%
Joseph-Désiré Job
30%
Adam Clayton
27%
Andrew Davies
27%
Branco
27%
Colin Cooper
27%
Fábio da Silva
27%
Hamilton Ricard
27%
James Morrison
27%
Nick Barmby
27%
Steve Pears
27%
Stuart Parnaby
27%
Alen Bokšić
24%
Bernie Slaven
24%
Cristhian Stuani
24%
Curtis Fleming
24%
Dean Gordon
24%
Dong-gook Lee
24%
Franck Queudrue
24%
Jimmy Phillips
24%
Michael Ricketts
24%
Nigel Pearson
24%
Patrick Bamford
24%
Philip Stamp
24%
Szilárd Németh
24%
Abel Xavier
22%
Albert Adomah
22%
Andy Campbell
22%
Antonio Barragán
22%
Brad Guzan
22%
Clayton Blackmore
22%
Gary O'Neil
22%
Gary Walsh
22%
Gianluca Festa
22%
Jamie Pollock
22%
Josh Walker
22%
Noel Whelan
22%
Phil Whelan
22%
Ray Parlour
22%
Adam Forshaw
19%
Alan Miller
19%
Allan Johnston
19%
Andy Townsend
19%
Christian Karembeu
19%
Danny Graham
19%
Emilio Nsue
19%
Geremi
19%
Jordan Rhodes
19%
Justin Hoyte
19%
Marco Branca
19%
Marlon King
19%
Mido
19%
Neil Cox
19%
Robbie Mustoe
19%
Bernardo Espinosa
16%
Brian Deane
16%
Calum Chambers
16%
David Murphy
16%
Derek Whyte
16%
Jan Åge Fjørtoft
16%
Mark Wilson
16%
Marvin Emnes
16%
Mikkel Beck
16%
Robbie Stockdale
16%
Ross Turnbull
16%
Doriva
14%
Keith O'Neill
14%
Mark Crossley
14%
Matthew Bates
14%
Michael Reiziger
14%
Neil Maddison
14%
Paul Wilkinson
14%
Rudy Gestede
14%
Steve Vickers
14%
Alan Moore
11%
Alun Armstrong
11%
Benito Carbone
11%
Carlos Marinelli
11%
Didier Digard
11%
Jason Euell
11%
Paul Okon
11%
Steve Baker
11%
Tony McMahon
11%
Viktor Fischer
11%
Alan Kernaghan
8%
Chris Kamara
8%
David Nugent
8%
Dwight Marshall
8%
Gary Parkinson
8%
Ian Ironside
8%
Jason Kennedy
8%
Joe Bennett
8%
Marc Proctor
8%
Tom Craddock
8%
Vladimír Kinder
8%
Adlène Guedioura
5%
Anthony Ormerod
5%
Carlo Nash
5%
Craig Harrison
5%
Graham Kavanagh
5%
James Husband
5%
John Eustace
5%
Jonathan Franks
5%
Jonathan Grounds
5%
Mark Summerbell
5%
Micky Cummins
5%
Mohamed Shawky
5%
Seb Hines
5%
Tony Vidmar
5%
Willy Falconer
5%
Andrew Collett
3%
Andy Peake
3%
Ben Hutchinson
3%
Brian Horne
3%
Chris Freestone
3%
Craig Liddle
3%
Dean Windass
3%
Jaime Moreno
3%
Jason Gavin
3%
Jonathan Gittens
3%
Keith O'Halloran
3%
Luke Wilkshire
3%
Mark Hudson
3%
Marlon Beresford
3%
Michael Barron
3%
Michaël Debève
3%
Sean Kilgannon
3%
Nicky Moran
0%

Score Distribution

Percentile by Number Answered

Percent of People with Each Score

Your Score History

You have not taken this quiz since the last reset